| 000 | 00000nam##2200000za#4500 |
| 001 | 9.597888 |
| 003 | CaOODSP |
| 005 | 20210624204252 |
| 007 | cr ||||||||||| |
| 008 | 150406|2004||||xxc|||||o f|0| 0 fre|d |
| 040 | |aCaOODSP|bfre |
| 043 | |an-cn--- |
| 086 | 1 |aTU3-5/04-36F-PDF |
| 110 | 2 |aBureau de la sécurité des transports du Canada. |
| 245 | 10|aVol dans des conditions météorologiques défavorables et collision avec le relief du Piper PA-28-235 C-FYRJ exploité par l'Olds-Didsbury Flying Association à 15 milles marins au sud-ouest d'Ashern (Manitoba), le 26 août 2004 |h[ressource électronique] |
| 260 | |aGatineau - Québec : |bBureau de la sécurité des transports du Canada |c[2005]. |
| 300 | |a8p.|bréférences |
| 490 | 1 |aRapport d'enquête aéronautique |vA04C0162 |
| 590 | |a10-05-Supp|b2010-07-20 |
| 691 | 07|aAccident d'avion|2gcpds |
| 775 | 08|tFlight into adverse weather - collision with terrain - Olds-Didsbury Flying Association Piper PA-28-235 C-FYRJ, Ashern, Manitoba 15 nm SW, 26 August 2004 |w(CaOODSP)9.566376 |
| 830 | #0|aRapport d'enquête aéronautique ;|vA04C0162|w(CaOODSP)9.501229 |
| 856 | 40|ahttp://publications.gc.ca|qPDF|s93 Ko|uhttps://publications.gc.ca/collections/collection_2009/bst-tsb/TU3-5-04-36F.pdf|yA04C0162 |